Wymień potrawy Wielkanocne część 1 - Statystyki

Ogólne statystyki
  • Ten quiz został rozwiązany 23 razy
  • Średni wynik to 3 z 13
Statystyki odpowiedzi
Pytania Odpowiedzi % Poprawnych
12. Żurek
95%
6. Kiełbasa biała
52%
1. Barszcz biały
48%
3. Sałatka jarzynowa
38%
5. Chleb
24%
4. Wędliny
10%
2. Jajka w majonezie
5%
7. Śledzie
5%
11. Karp
0%
8. Ryba po Grecku
0%
9. Rzeżuche
0%
13. Sery
0%
10. Żurawine (Święto Żurawiny)
0%
Nie znaleziono quizów pasujących do podanych kryteriów
Rozkład punktacji
Procent ludzi z każdym wynikiem
Percentyl według liczby udzielonych odpowiedzi
Twoja historia wyników
Nie rozwiązałeś tego quizu